000 00490nam a22001577a 4500
003 NUST
038 _aNusrat Nadeem
082 _a200
100 _aGhani, Usman
_916180
245 _aRipples of Ruin; Household Consumption in the Wake of Massive Flooding/
_cUsman Ghani,
264 _aIslamabad:
_SS3H NUST,
_c2026.
650 _aMS-Economics
_9123068
700 _aSupervisor: Dr. Hira Iqbal
_9134459
856 _uhttp://10.250.8.41:8080/xmlui/handle/123456789/57875
942 _2ddc
_cSC
999 _c617451
_d617451